Random States by their Interstates - Statistics

General Stats
  • This quiz has been taken 83 times
  • The average score is 15 of 20
Answer Stats
Hint Answer % Correct
Interstates 8, 10, 15, 17, 19, 40 Arizona
100%
Interstates 68, 70, 81, 83, 95, 97 Maryland
100%
Interstates 76, 78, 80, 95 New Jersey
100%
Interstates 26, 40, 42, 73, 74, 77, 85, 87, 95 North Carolina
100%
Interstates 29, 90 South Dakota
100%
Interstates 15, 70, 80, 84 Utah
89%
Interstate 95 (farther south) Delaware
88%
Interstates 64, 66, 73, 77, 81, 85, 95 Virginia
88%
Interstates 35, 40, 44 Oklahoma
86%
Interstates 15, 84, 86, 90 Idaho
83%
Interstate 95 (farther north) Maine
83%
Interstates 39, 41, 43, 90, 94 Wisconsin
83%
Interstates 84, 90, 91, 93, 95 Massachusetts
80%
Interstates 24, 26, 40, 55, 65, 69, 81 Tennessee
80%
Interstates 64, 66, 68, 70, 73, 77, 79 West Virginia
80%
Interstates 16, 20, 75, 85, 95 Georgia
78%
Interstates 84, 91, 95 Connecticut
75%
Interstates 69, 75, 94, 96 Michigan
75%
Interstates 10, 20, 22, 55, 59, 69 Mississippi
75%
Interstates 29, 35, 44, 49, 55, 57, 64, 70, 72 Missouri
75%
Interstates 78, 81, 84, 86, 87, 88, 90, 95, 99 New York
75%
Interstates 70, 76, 78, 79, 80, 81, 83, 84, 86, 90, 95, 99 Pennsylvania
75%
Interstates 2, 10, 14, 20, 27, 30, 35, 37, 40, 44, 45, 69 Texas
75%
Interstates 89, 93, 95 New Hampshire
71%
Interstates 35, 90, 94 Minnesota
67%
Interstates 15, 90, 94 Montana
67%
Interstates 20, 26, 73, 74, 77, 85, 95 South Carolina
67%
Interstates 89, 91, 93 Vermont
67%
Interstates 64, 65, 69, 70, 74, 80, 90, 94 Indiana
63%
Interstate 95 (central) Rhode Island
63%
Interstates 10, 20, 22, 59, 65, 85 Alabama
60%
Interstates 5, 8, 10, 15, 40, 80 California
60%
Interstates 10, 25, 40 New Mexico
60%
Interstates 30, 40, 49 Arkansas
57%
Interstates 24, 39, 41, 55, 57, 64, 70, 72, 74, 80, 88, 90, 94 Illinois
57%
Interstates 35, 70 Kansas
57%
Interstates 25, 70, 76 Colorado
50%
Interstates 4, 10, 75, 95 Florida
50%
Interstates 10, 12, 20, 49, 55, 59, 69 Louisiana
50%
Interstates 76, 80 Nebraska
50%
Interstates 29, 94 North Dakota
50%
Interstates 5, 82, 90 Washington
50%
Interstates 25, 80, 90 Wyoming
50%
Interstates 24, 64, 65, 69, 71, 75 Kentucky
44%
Interstates 5, 82, 84 Oregon
43%
Interstates 70, 71, 74, 75, 76, 77, 80, 90 Ohio
40%
Interstates 29, 35, 74, 80 Iowa
33%
Interstates 11, 15, 80 Nevada
33%
No matching quizzes found
Score Distribution
Percent of People with Each Score
Percentile by Number Answered
Your Score History
You have not taken this quiz